[Event "Bad Woerishofen op"]
[Site "?"]
[Date "2003.??.??"]
[Round "4"]
[White "Pohlers, Juergen"]
[Black "Schmitt, Karl"]
[Result "1-0"]
[WhiteElo "2144"]
[BlackElo "1829"]
[Annotator "ChessOrg"]
[PlyCount "75"]

1. d4 Nf6 2. c4 g6 3. Nc3 Bg7 4. e4 d6 5. Nf3 O-O 6. h3 e5 7. d5 Nbd7 8. Bg5 h6
9. Be3 Nc5 10. Qc2 a5 11. g4 Ne8 12. Rg1 Kh7 13. g5 h5 14. O-O-O Bd7 15. Nh4
Qc8 16. Rg3 a4 17. Be2 a3 18. b3 Rh8 19. Rh1 Na6 20. Qd2 c5 21. Bxh5 Kg8 22.
Nxg6 fxg6 23. Bxg6 Nec7 24. Rf3 Be8 25. Bf5 Bd7 26. Bg6 Be8 27. Bf5 Bd7 28. h4
Qe8 29. g6 Bxf5 30. exf5 e4 31. f6 Qxg6 32. fxg7 Rxh4 33. Rxh4 exf3 34. Rh3 Nb4
35. Rg3 Qh7 36. Rxf3 Nd3+ 37. Kd1 Qh1+ 38. Ke2 1-0

[Event "Bad Woerishofen op"]
[Site "?"]
[Date "2003.??.??"]
[Round "4"]
[White "Lindenmair, Anton"]
[Black "Wagner, Franz"]
[Result "1-0"]
[WhiteElo "2132"]
[BlackElo "1806"]
[Annotator "ChessOrg"]
[PlyCount "67"]

1. d4 Nf6 2. c4 c6 3. Nf3 g6 4. Nc3 d5 5. Qb3 Bg7 6. Bg5 e6 7. e3 Qa5 8. Be2
Ne4 9. Bf4 Nd7 10. O-O g5 11. Nxe4 gxf4 12. Nd6+ Ke7 13. Nxc8+ Raxc8 14. exf4
Bh6 15. g3 Rhg8 16. Kh1 dxc4 17. Bxc4 Nb6 18. Bd3 Rg7 19. Rae1 Kf8 20. Re5 Qa4
21. Rh5 c5 22. Rxh6 Qc6 23. d5 Nxd5 24. Be4 f5 25. Bxd5 Qxd5 26. Qxd5 exd5 27.
Ne5 d4 28. Rf6+ Ke7 29. Rxf5 Ke6 30. Rh5 c4 31. Nf3 c3 32. Nxd4+ Kd6 33. bxc3
Rxc3 34. Nb5+ 1-0

[Event "Bad Woerishofen op"]
[Site "?"]
[Date "2003.??.??"]
[Round "4"]
[White "Schlierf, Andre"]
[Black "Ross, Matthias"]
[Result "1/2-1/2"]
[WhiteElo "2107"]
[BlackElo "1796"]
[Annotator "ChessOrg"]
[PlyCount "77"]

1. c4 e5 2. Nc3 f5 3. e4 Nf6 4. d3 c6 5. Nf3 d6 6. Be2 Be7 7. O-O O-O 8. Qc2
Na6 9. d4 fxe4 10. Nxe4 Nxe4 11. Qxe4 Bf5 12. Qe3 Nb4 13. Ne1 exd4 14. Qxd4 Kh8
15. Bf4 Qe8 16. a3 c5 17. Qd2 Nc6 18. Bd3 Nd4 19. Rd1 Qg6 20. Bxf5 Rxf5 21. Be3
Bf6 22. Bxd4 Bxd4 23. Nc2 Be5 24. Ne3 Rf4 25. g3 Raf8 26. Qd5 b6 27. Ng2 Rd4
28. Rxd4 Bxd4 29. Nf4 Qf7 30. Ne6 Re8 31. Nxd4 Qxd5 32. cxd5 cxd4 33. Rd1 Re2
34. b3 Rb2 35. Rd3 g6 36. b4 Ra2 37. Kg2 Kg7 38. Kf3 Kf6 39. Ke4 1/2-1/2

[Event "Bad Woerishofen op"]
[Site "?"]
[Date "2003.??.??"]
[Round "4"]
[White "Fries, Werner"]
[Black "Burkhardt, Wilfried"]
[Result "1/2-1/2"]
[WhiteElo "1612"]
[BlackElo "2062"]
[Annotator "ChessOrg"]
[PlyCount "111"]

1. e4 e6 2. d4 d5 3. exd5 exd5 4. Nf3 Bd6 5. Bg5 Nf6 6. Nc3 c6 7. Qd2 Be6 8.
Ne2 Nbd7 9. c3 Qc7 10. Bf4 h6 11. Bxd6 Qxd6 12. Qf4 Qxf4 13. Nxf4 Bf5 14. Nh4
Bh7 15. Nd3 O-O 16. Nf3 Rfe8+ 17. Nde5 Ng4 18. h3 Ngxe5 19. dxe5 Nxe5 20. Nxe5
Rxe5+ 21. Kd2 Rae8 22. Bd3 Bxd3 23. Kxd3 Re2 24. Rhf1 c5 25. Rab1 R8e4 26. b3
b5 27. c4 bxc4+ 28. bxc4 dxc4+ 29. Kc3 Rxa2 30. Rb8+ Kh7 31. Rb7 Ra3+ 32. Kb2
Rb3+ 33. Rxb3 cxb3 34. Kxb3 Kg6 35. Rc1 Re2 36. Rf1 Kf6 37. Kc4 Rc2+ 38. Kd3
Ra2 39. Kc4 Ke5 40. Kxc5 Rc2+ 41. Kb4 g5 42. Kb3 Re2 43. Kc3 Ke4 44. h4 gxh4
45. Rh1 Rxf2 46. Rxh4+ Ke5 47. Rxh6 Rf6 48. Rh5+ Rf5 49. Rh1 a5 50. Ra1 Ke4 51.
Ra4+ Ke3 52. Kb3 Kd3 53. g4 Rb5+ 54. Ka3 Ke3 55. Rc4 Kf3 56. Rc7 1/2-1/2

[Event "Bad Woerishofen op"]
[Site "?"]
[Date "2003.??.??"]
[Round "4"]
[White "Fries, Elisabeth"]
[Black "Laurent, Michel"]
[Result "1/2-1/2"]
[WhiteElo "1469"]
[BlackElo "2012"]
[Annotator "ChessOrg"]
[PlyCount "88"]

1. d4 Nf6 2. Nf3 g6 3. c4 Bg7 4. Nc3 O-O 5. e4 d6 6. Be2 e5 7. dxe5 dxe5 8.
Qxd8 Rxd8 9. Bg5 Re8 10. Nd5 Nxd5 11. cxd5 c6 12. Bc4 cxd5 13. Bxd5 Nd7 14. O-O
Nf6 15. Bxf6 Bxf6 16. Rac1 Be6 17. Rfd1 Rad8 18. Bxe6 Rxd1+ 19. Rxd1 Rxe6 20.
Rd2 Rc6 21. g3 Rc4 22. Re2 Kf8 23. h4 Ke7 24. Nh2 h5 25. f3 Ke6 26. Nf1 Be7 27.
Kg2 Bc5 28. g4 hxg4 29. fxg4 Be7 30. h5 gxh5 31. gxh5 Rc8 32. Kf3 f5 33. exf5+
Kxf5 34. Ng3+ Ke6 35. Ne4 Rf8+ 36. Ke3 Rh8 37. Rh2 Rh6 38. Kf3 a5 39. b3 Ba3
40. Kg4 Kd5 41. Kf5 Bc1 42. Nc3+ Kd6 43. Ne4+ Kd5 44. Nc3+ Kd6 1/2-1/2

[Event "Bad Woerishofen op"]
[Site "?"]
[Date "2003.??.??"]
[Round "4"]
[White "Holuba, Stefan"]
[Black "Mathes, Christian"]
[Result "1-0"]
[WhiteElo "1737"]
[BlackElo "1317"]
[Annotator "ChessOrg"]
[PlyCount "67"]

1. e4 e6 2. d4 d5 3. Nc3 Nf6 4. e5 Nfd7 5. f4 c5 6. Nf3 Nc6 7. Be3 cxd4 8. Nxd4
a6 9. Bd3 Bc5 10. Nce2 O-O 11. O-O Nxd4 12. Bxd4 Bxd4+ 13. Nxd4 Qb6 14. Kh1 Nc5
15. Nf3 Nxd3 16. Qxd3 Bd7 17. Ng5 g6 18. Qh3 h5 19. g4 Bc6 20. gxh5 d4+ 21. Nf3
Bxf3+ 22. Rxf3 Qc6 23. Rg1 Kg7 24. hxg6 fxg6 25. Qg4 Qe4 26. Rgf1 Rae8 27. R1f2
Rh8 28. h3 Rh6 29. Kh2 Qf5 30. Qxf5 gxf5 31. Rd2 Rc8 32. c3 dxc3 33. Rxc3 Rb8
34. Rd7+ 1-0

[Event "Bad Woerishofen op"]
[Site "?"]
[Date "2003.??.??"]
[Round "4"]
[White "Perman, Torvald"]
[Black "Wirfs, Joachim"]
[Result "1-0"]
[WhiteElo "2083"]
[BlackElo "1727"]
[Annotator "ChessOrg"]
[PlyCount "63"]

1. c4 Nf6 2. Nc3 g6 3. g3 Bg7 4. Bg2 O-O 5. d4 d6 6. Nf3 Nbd7 7. O-O e5 8. h3
c6 9. e4 Re8 10. Be3 Qe7 11. Re1 Nf8 12. Qc2 Nh5 13. Rad1 Bd7 14. c5 dxc5 15.
dxe5 Bxe5 16. Nxe5 Qxe5 17. f4 Qc7 18. Qf2 Ne6 19. e5 Rad8 20. g4 Nhg7 21. Ne4
Rf8 22. Nf6+ Kh8 23. f5 Nd4 24. Qh4 h5 25. Bxd4 cxd4 26. Qg5 Nxf5 27. gxf5 Kg7
28. Nxh5+ Kh7 29. Nf6+ Kg7 30. Nxd7 Rxd7 31. f6+ Kh7 32. Qh4+ 1-0

[Event "Bad Woerishofen op"]
[Site "?"]
[Date "2003.??.??"]
[Round "4"]
[White "Santner, Thomas"]
[Black "Steinhardt, Stefan"]
[Result "1/2-1/2"]
[WhiteElo "1969"]
[BlackElo "2230"]
[Annotator "ChessOrg"]
[PlyCount "33"]

1. e4 Nf6 2. e5 Nd5 3. c4 Nb6 4. d4 d6 5. f4 dxe5 6. fxe5 Nc6 7. Be3 Bf5 8. Nc3
e6 9. Nf3 Qd7 10. Be2 Rd8 11. O-O Be7 12. Qd2 O-O 13. Rac1 f6 14. Rfd1 Bg4 15.
Qe1 Bxf3 16. gxf3 Qe8 17. f4 1/2-1/2

[Event "Bad Woerishofen op"]
[Site "?"]
[Date "2003.??.??"]
[Round "4"]
[White "Fahnenschmidt, Gerhard"]
[Black "Steiger, Walfried"]
[Result "1-0"]
[WhiteElo "2220"]
[BlackElo "1960"]
[Annotator "ChessOrg"]
[PlyCount "61"]

1. d4 d5 2. c4 c6 3. Nc3 Nf6 4. Bg5 e6 5. e3 Nbd7 6. cxd5 exd5 7. Bd3 Be7 8.
Nge2 O-O 9. Ng3 Re8 10. Nf5 Bf8 11. Qf3 Re6 12. Qg3 Qe8 13. h4 Nh5 14. Qf3 Nhf6
15. h5 Ne4 16. Bxe4 dxe4 17. Qg3 Kh8 18. h6 Rg6 19. hxg7+ Bxg7 20. Qh4 Nf8 21.
Nxg7 Kxg7 22. Nxe4 Qe6 23. Ng3 Qg4 24. Bh6+ Kg8 25. Qd8 Rxh6 26. Rxh6 Be6 27.
Qxa8 Qg5 28. Rxe6 Qa5+ 29. Kf1 Qa6+ 30. Kg1 fxe6 31. Qe8 1-0

[Event "Bad Woerishofen op"]
[Site "?"]
[Date "2003.??.??"]
[Round "4"]
[White "Bienhuels, Franz-Josef"]
[Black "Kluger, Norbert"]
[Result "1/2-1/2"]
[WhiteElo "1927"]
[BlackElo "2198"]
[Annotator "ChessOrg"]
[PlyCount "68"]

1. Nf3 Nf6 2. g3 g6 3. c4 Bg7 4. Bg2 O-O 5. O-O d6 6. d4 Nbd7 7. Nc3 c5 8. h3
cxd4 9. Nxd4 Rb8 10. b3 Nb6 11. e4 a6 12. Bb2 Qc7 13. Qd2 Nbd7 14. Rfd1 b6 15.
Nd5 Nxd5 16. exd5 Bb7 17. Rac1 Rfe8 18. Re1 Rbd8 19. Kh2 Nf8 20. f4 e5 21. dxe6
fxe6 22. Nf3 Bxb2 23. Qxb2 Qg7 24. Qf2 Qc7 25. Ng5 Bxg2 26. Qxg2 h6 27. Ne4 Nh7
28. Rcd1 d5 29. cxd5 exd5 30. Rc1 Qd7 31. Rcd1 Qc7 32. Rc1 Qd7 33. Rcd1 Qc7 34.
Rc1 Qd7 1/2-1/2

[Event "Bad Woerishofen op"]
[Site "?"]
[Date "2003.??.??"]
[Round "4"]
[White "Hornung, Hans"]
[Black "Wiesbeck, Florian"]
[Result "1-0"]
[WhiteElo "2189"]
[BlackElo "1882"]
[Annotator "ChessOrg"]
[PlyCount "69"]

1. c4 c5 2. b3 b6 3. Bb2 Bb7 4. Nc3 e6 5. Nf3 Nf6 6. e3 d6 7. d4 cxd4 8. exd4
Nbd7 9. Bd3 Be7 10. O-O O-O 11. Qe2 Re8 12. Rad1 a6 13. Bb1 Qc7 14. Ng5 h6 15.
f4 Rac8 16. Rde1 Bf8 17. Qd3 g6 18. Nxf7 Kxf7 19. Qxg6+ Ke7 20. d5 e5 21. fxe5
dxe5 22. Ne4 Nxe4 23. Bxe4 Kd8 24. Rf7 Qd6 25. Bf5 Rc7 26. Be6 Re7 27. Ref1 Re8
28. Qf5 Bc8 29. Kh1 Be7 30. Qh5 Bg5 31. h4 Be3 32. Rxd7+ Bxd7 33. Bxe5 Qc5 34.
Bf6+ Kc8 35. Qxe8+ 1-0

[Event "Bad Woerishofen op"]
[Site "?"]
[Date "2003.??.??"]
[Round "4"]
[White "Wachweger, Albrecht"]
[Black "Santl, Anton"]
[Result "0-1"]
[WhiteElo "1850"]
[BlackElo "2180"]
[Annotator "ChessOrg"]
[PlyCount "64"]

1. e4 c5 2. c3 Nf6 3. d3 Nc6 4. Nf3 d6 5. h3 g6 6. Be2 Bg7 7. Be3 O-O 8. Qd2 b5
9. Bh6 b4 10. Bxg7 Kxg7 11. O-O a5 12. Qc2 Qb6 13. Nbd2 Ba6 14. Nh2 Rab8 15.
Rab1 d5 16. f4 dxe4 17. Nxe4 c4+ 18. d4 b3 19. axb3 cxb3 20. Qd1 Nxe4 21. Bxa6
Qxa6 22. f5 Ng3 23. f6+ exf6 24. Rf3 Nf5 25. Qd2 Nce7 26. Rbf1 Rb6 27. h4 h5
28. g4 hxg4 29. Nxg4 Rh8 30. Qf2 Rxh4 31. Ne3 Rh5 32. Qg2 Nh4 0-1

[Event "Bad Woerishofen op"]
[Site "?"]
[Date "2003.??.??"]
[Round "4"]
[White "Baeuml, Ulrich"]
[Black "Duckstein, Torsten"]
[Result "0-1"]
[WhiteElo "2176"]
[BlackElo "1843"]
[Annotator "ChessOrg"]
[PlyCount "70"]

1. c4 e6 2. g3 d5 3. Bg2 Nf6 4. Nf3 Be7 5. O-O O-O 6. Qc2 b6 7. d4 Bb7 8. Nbd2
Nbd7 9. b3 c5 10. Bb2 cxd4 11. Nxd4 Rc8 12. Rfd1 Ba8 13. Rac1 Qc7 14. Qb1 Qb8
15. e4 dxe4 16. Nxe4 Nxe4 17. Bxe4 Nf6 18. Bxa8 Qxa8 19. Nb5 a6 20. Bxf6 Bxf6
21. Nd6 Rcd8 22. b4 Qc6 23. c5 h6 24. Qb3 bxc5 25. bxc5 Rb8 26. Qc4 Rfd8 27.
Ne4 Rxd1+ 28. Rxd1 Be7 29. g4 Rb2 30. a4 a5 31. Rd4 Rb1+ 32. Kg2 Rb4 33. Qd3
Rxd4 34. Qxd4 f5 35. gxf5 exf5 0-1

[Event "Bad Woerishofen op"]
[Site "?"]
[Date "2003.??.??"]
[Round "4"]
[White "Schuster, Gerhard"]
[Black "Harting, Andreas"]
[Result "1-0"]
[WhiteElo "2151"]
[BlackElo "1841"]
[Annotator "ChessOrg"]
[PlyCount "47"]

1. e4 c6 2. d4 d5 3. Nd2 dxe4 4. Nxe4 Nf6 5. Nxf6+ gxf6 6. c3 Bf5 7. Ne2 e6 8.
Ng3 Bg6 9. h4 h5 10. Be2 Qd5 11. Bf3 Qb5 12. a4 Qa5 13. b4 Qd8 14. Qe2 Bd6 15.
Nxh5 Bxh5 16. Bxh5 Qc7 17. Qxe6+ Qe7 18. Bxf7+ Kf8 19. Qxe7+ Kxe7 20. Bg6 Nd7
21. h5 Rag8 22. Kd2 Rxg6 23. Re1+ Be5 24. hxg6 1-0

[Event "Bad Woerishofen op"]
[Site "?"]
[Date "2003.??.??"]
[Round "4"]
[White "Seidel, Sandra"]
[Black "Hanisch, Pavel"]
[Result "0-1"]
[WhiteElo "1814"]
[BlackElo "2144"]
[Annotator "ChessOrg"]
[PlyCount "163"]

1. d4 Nf6 2. Nf3 g6 3. c4 Bg7 4. Nc3 O-O 5. e4 d6 6. Be2 Bg4 7. Be3 Nfd7 8. Nd2
Bxe2 9. Qxe2 Nc6 10. Nb3 e5 11. Qd2 a5 12. d5 Ne7 13. O-O a4 14. Nc1 f5 15. f3
Nf6 16. Nd3 c5 17. b3 axb3 18. axb3 Rxa1 19. Rxa1 Nh5 20. Ra7 Nf4 21. Rxb7 fxe4
22. Nxe4 Nf5 23. Nxf4 exf4 24. Bf2 Qa8 25. Rxg7+ Kxg7 26. Qb2+ Kh6 27. g4 fxg3
28. hxg3 g5 29. Nf6 Kg6 30. Ne4 Nd4 31. Nxd6 Qd8 32. Qb1+ Kh6 33. Ne4 Nxf3+ 34.
Kg2 Qc8 35. Qh1+ Kg6 36. Nxc5 Qg4 37. Qb1+ Kh6 38. Qb2 Qh5 39. Ne6 Qh2+ 40. Kf1
Qh1+ 41. Ke2 Ng1+ 42. Kd3 Qf3+ 43. Be3 Qf1+ 44. Kc2 Qe2+ 45. Kb1 Qd3+ 46. Qc2
Rf1+ 47. Bc1 Qxg3 48. Qb2 Nf3 49. Qg7+ Kh5 50. Qxh7+ Kg4 51. Qe4+ Kh3 52. Qf5+
Kg2 53. Qe4 Kh2 54. Qh7+ Kg1 55. Qd3 Qe1 56. Qc2 Nd2+ 57. Kb2 Rf2 58. Nxg5
Nxc4+ 59. Ka1 Qa5+ 60. Kb1 Rxc2 61. Kxc2 Qa2+ 62. Kc3 Qa1+ 63. Kxc4 Qxc1+ 64.
Kb5 Qxg5 65. Kc6 Qc1+ 66. Kd7 Qc3 67. d6 Qxb3 68. Kc7 Qc4+ 69. Kd8 Kf2 70. d7
Kf3 71. Ke7 Qc5+ 72. Kf7 Qd6 73. Ke8 Qe6+ 74. Kd8 Ke4 75. Kc7 Qc4+ 76. Kb7 Qd5+
77. Kc7 Qc5+ 78. Kb7 Qd6 79. Kc8 Qc6+ 80. Kd8 Ke5 81. Ke7 Qe6+ 82. Kd8 0-1

[Event "Bad Woerishofen op"]
[Site "?"]
[Date "2003.??.??"]
[Round "4"]
[White "Magar, Johannes"]
[Black "Bienhuels, Michael"]
[Result "1-0"]
[WhiteElo "2124"]
[BlackElo "1912"]
[Annotator "ChessOrg"]
[PlyCount "97"]

1. e4 c5 2. Nf3 Nc6 3. Bb5 g6 4. Bxc6 dxc6 5. h3 Bg7 6. O-O e5 7. d3 Qe7 8. Be3
Nf6 9. Qd2 c4 10. Qc3 cxd3 11. cxd3 Nd7 12. b4 O-O 13. Nbd2 Re8 14. Rfc1 Nf8
15. Bc5 Qf6 16. d4 Nd7 17. Nc4 Nxc5 18. dxc5 Qf4 19. Rd1 f5 20. Nd6 Re7 21. g3
Qh6 22. h4 Bf6 23. Nxc8 Rxc8 24. Rd6 Rf8 25. Rad1 f4 26. Qb3+ Kg7 27. Rd8 Rff7
28. Rb8 fxg3 29. fxg3 Rc7 30. Kg2 Rf8 31. Rxf8 Kxf8 32. Qe6 Kg7 33. Rd7+ Rxd7
34. Qxd7+ Kg8 35. Qe6+ Kg7 36. Qd7+ Kg8 37. Qe6+ Kg7 38. Nxe5 Qd2+ 39. Kh3 Bxe5
40. Qxe5+ Kf7 41. Qf4+ Qxf4 42. gxf4 h5 43. Kg3 Ke6 44. Kf3 Kf6 45. Ke3 Ke6 46.
Kd4 Kf6 47. e5+ Ke7 48. Ke4 Ke6 49. a3 1-0

[Event "Bad Woerishofen op"]
[Site "?"]
[Date "2003.??.??"]
[Round "4"]
[White "Guenther, Thomas"]
[Black "Mader, Sascha"]
[Result "1/2-1/2"]
[WhiteElo "2090"]
[BlackElo "1900"]
[Annotator "ChessOrg"]
[PlyCount "95"]

1. d4 Nf6 2. Nf3 e6 3. c4 d5 4. Nc3 Nbd7 5. Bg5 h6 6. Bh4 Be7 7. e3 O-O 8. Bd3
c6 9. Rc1 dxc4 10. Bxc4 Nd5 11. Bg3 Nxc3 12. bxc3 c5 13. O-O Nf6 14. Ne5 Bd7
15. Qf3 b5 16. Bd3 Rc8 17. Qb7 c4 18. Be2 Rb8 19. Qf3 Rb6 20. Bd1 Ba3 21. Rc2
Bc8 22. Ng4 Bb7 23. Nxf6+ Qxf6 24. Qxf6 gxf6 25. Bf3 Bxf3 26. gxf3 Kh7 27. Kh1
f5 28. Bf4 Bd6 29. Bxd6 Rxd6 30. Rb2 Rb6 31. Rfb1 Rfb8 32. Kg2 Kg6 33. Kg3 Kf6
34. Kf4 a6 35. e4 Rg8 36. a4 fxe4 37. fxe4 Rg2 38. Kf3 Rxh2 39. Kg3 Rh5 40. e5+
Kf5 41. axb5 Rxb5 42. Rxb5 axb5 43. f3 Rg5+ 44. Kf2 Kf4 45. Rh1 Rg6 46. Rh4+
Kg5 47. Rh1 Kf4 48. Rh4+ 1/2-1/2

[Event "Bad Woerishofen op"]
[Site "?"]
[Date "2003.??.??"]
[Round "4"]
[White "Belic, Robert"]
[Black "Holscher, Peter"]
[Result "0-1"]
[WhiteElo "1986"]
[BlackElo "2090"]
[Annotator "ChessOrg"]
[PlyCount "68"]

1. e4 d6 2. d4 Nf6 3. Bd3 e5 4. c3 c6 5. Nf3 Qc7 6. O-O Be7 7. Re1 O-O 8. Nbd2
Bg4 9. h3 Bh5 10. g4 Bg6 11. Nf1 Nbd7 12. Ng3 h6 13. Nf5 Bxf5 14. exf5 Rfe8 15.
Bc2 Bf8 16. Be3 e4 17. Nh4 d5 18. f4 exf3 19. Qxf3 Bd6 20. Bf2 Nh7 21. Qg2 Ndf6
22. Nf3 Bf4 23. Rxe8+ Rxe8 24. Re1 Rxe1+ 25. Nxe1 Ng5 26. Nd3 Nge4 27. h4 Nxf2
28. Kxf2 Bg3+ 29. Kf3 Bxh4 30. Ne5 c5 31. Qe2 cxd4 32. cxd4 Qb6 33. Qe3 Qxb2
34. Bb3 Qh2 0-1

[Event "Bad Woerishofen op"]
[Site "?"]
[Date "2003.??.??"]
[Round "4"]
[White "Dintheer, Willi"]
[Black "Schiessl, Siegfried"]
[Result "0-1"]
[WhiteElo "2098"]
[BlackElo "1789"]
[Annotator "ChessOrg"]
[PlyCount "124"]

1. e4 g6 2. d4 Bg7 3. Nc3 c6 4. Nf3 d5 5. exd5 cxd5 6. Ne5 Nf6 7. Bb5+ Nbd7 8.
O-O O-O 9. Re1 a6 10. Bf1 Nxe5 11. dxe5 Ng4 12. Qd4 Be6 13. h3 Nh6 14. Bxh6
Bxh6 15. Rad1 Bf5 16. Qh4 Kg7 17. g4 g5 18. Qg3 Bxc2 19. Rxd5 Qb6 20. Re2 Bg6
21. h4 gxh4 22. Qxh4 Qb4 23. Rd7 Bf5 24. Rxe7 Qxg4+ 25. Qxg4+ Bxg4 26. Re4 Bf3
27. Rc4 Kh8 28. Kh2 b5 29. Rd4 Rae8 30. Rxe8 Rxe8 31. Kg3 Bb7 32. f4 Rg8+ 33.
Kh4 Bf3 34. Be2 Bxe2 35. Nxe2 Rg2 36. Re4 Bf8 37. f5 Kg7 38. f6+ Kh6 39. Kh3
Rg5 40. Nf4 Rg1 41. Nd5 a5 42. Kh2 Rd1 43. Ne7 Kg5 44. Re2 Rd7 45. Nc6 a4 46.
a3 Kf5 47. Rg2 Bh6 48. Rg7 Bf4+ 49. Kg2 Bxe5 50. Nxe5 Kxe5 51. Rxh7 Rd2+ 52.
Kf3 Kxf6 53. Rh6+ Kg5 54. Rb6 Rxb2 55. Rb8 Rb3+ 56. Kf2 f5 57. Rg8+ Kf4 58. Rb8
Rb2+ 59. Ke1 Kf3 60. Kd1 f4 61. Kc1 Rb3 62. Kc2 Ke2 0-1

[Event "Bad Woerishofen op"]
[Site "?"]
[Date "2003.??.??"]
[Round "4"]
[White "Stojadinovic, Tomislav"]
[Black "Glas, Stefan"]
[Result "1-0"]
[WhiteElo "1780"]
[BlackElo "2096"]
[Annotator "ChessOrg"]
[PlyCount "41"]

1. e4 c5 2. Nf3 Nc6 3. Bb5 Nd4 4. Nxd4 cxd4 5. O-O Nf6 6. e5 Nd5 7. e6 Nf6 8.
exf7+ Kxf7 9. Be2 e5 10. d3 Be7 11. f4 d6 12. fxe5 dxe5 13. Na3 Be6 14. Bg5 Re8
15. Bf3 Bd5 16. Nc4 Bxf3 17. Nxe5+ Kg8 18. Qxf3 Qc7 19. Bxf6 Bxf6 20. Qd5+ Kf8
21. Nd7+ 1-0

[Event "Bad Woerishofen op"]
[Site "?"]
[Date "2003.??.??"]
[Round "4"]
[White "Schwarz, Gerd"]
[Black "Hoennekes, Klaus"]
[Result "0-1"]
[WhiteElo "1748"]
[BlackElo "2089"]
[Annotator "ChessOrg"]
[PlyCount "58"]

1. c4 f5 2. Nf3 Nf6 3. Nc3 g6 4. d4 d6 5. g3 Bg7 6. Bg2 O-O 7. O-O Qe8 8. b3 c6
9. Bb2 e5 10. dxe5 dxe5 11. e4 f4 12. Qc2 Nh5 13. Ne2 Bg4 14. gxf4 Nxf4 15.
Nxf4 Rxf4 16. Ne1 Nd7 17. Nd3 Rf7 18. f3 Be6 19. Rf2 Qe7 20. Raf1 g5 21. Qc1 h6
22. Ba3 Qf6 23. Bb2 Qg6 24. Qe3 b6 25. Kh1 Kh8 26. Rg1 Raf8 27. Qe2 Qh5 28. Qf1
Qh4 29. Bc3 g4 0-1

[Event "Bad Woerishofen op"]
[Site "?"]
[Date "2003.??.??"]
[Round "4"]
[White "Ries, Berthold"]
[Black "Gajewski, Richard"]
[Result "1-0"]
[WhiteElo "2087"]
[BlackElo "1780"]
[Annotator "ChessOrg"]
[PlyCount "39"]

1. e4 c5 2. f4 e6 3. Nf3 Nc6 4. Bb5 Nge7 5. c4 Ng6 6. d3 Bd6 7. e5 Bb8 8. Nc3
f6 9. O-O h5 10. Ne4 fxe5 11. fxe5 Ncxe5 12. Nfg5 Qe7 13. Be3 b6 14. d4 cxd4
15. Bxd4 a6 16. Bxe5 Bxe5 17. Rf7 Qd8 18. Nd6+ Bxd6 19. Qxd6 Nh4 20. Qxe6+ 1-0

[Event "Bad Woerishofen op"]
[Site "?"]
[Date "2003.??.??"]
[Round "4"]
[White "Valent, Peter"]
[Black "Schrinner, Stefan"]
[Result "1-0"]
[WhiteElo "2086"]
[BlackElo "1688"]
[Annotator "ChessOrg"]
[PlyCount "157"]

1. e4 e5 2. Nf3 d6 3. d4 exd4 4. Qxd4 Nc6 5. Bb5 Bd7 6. Bxc6 Bxc6 7. Nc3 Nf6 8.
Bg5 Be7 9. O-O-O O-O 10. Rhe1 Nd7 11. Bxe7 Qxe7 12. Nd5 Bxd5 13. exd5 Qf6 14.
c4 Qg6 15. g3 b6 16. Nh4 Qh6+ 17. f4 Rfe8 18. Nf5 Qf6 19. Qxf6 Nxf6 20. Nd4 a6
21. Nc2 Kf8 22. Nb4 a5 23. Nc2 Ng4 24. h3 Nf2 25. Rd2 Rxe1+ 26. Nxe1 Re8 27.
Nf3 Ne4 28. Rg2 Nc5 29. Kd2 Re4 30. b3 h6 31. Ng1 Rd4+ 32. Kc2 Rd3 33. Ne2 Re3
34. Kd2 Rf3 35. Nc3 Ke7 36. Re2+ Kd7 37. Re3 Rf1 38. Ke2 Rh1 39. h4 Rh2+ 40.
Kf3 g6 41. Re2 Rh1 42. Ne4 Nxe4 43. Kxe4 Rf1 44. Ke3 Rc1 45. Kf2 a4 46. h5 axb3
47. axb3 Rh1 48. hxg6 fxg6 49. Re6 Rh2+ 50. Kf3 Rb2 51. Rxg6 Rxb3+ 52. Kg4 b5
53. Rg7+ Kd8 54. cxb5 Rxb5 55. Kf5 Rb3 56. g4 Rg3 57. Rh7 Rh3 58. g5 Ke8 59. g6
Kf8 60. Kf6 Ke8 61. g7 Rg3 62. Rh8+ Kd7 63. g8=Q Rxg8 64. Rxg8 c5 65. dxc6+
Kxc6 66. Ke6 h5 67. Rd8 h4 68. Rxd6+ Kc7 69. Kd5 h3 70. Rh6 Kd7 71. Rxh3 Ke7
72. Rh6 Kf7 73. f5 Ke7 74. Ra6 Kf7 75. Ke5 Kg7 76. f6+ Kg6 77. Ra7 Kh5 78. Rg7
Kh6 79. Kf5 1-0

[Event "Bad Woerishofen op"]
[Site "?"]
[Date "2003.??.??"]
[Round "4"]
[White "Gerstner, Bernhard"]
[Black "Klett, Thomas"]
[Result "1-0"]
[WhiteElo "2076"]
[BlackElo "1766"]
[Annotator "ChessOrg"]
[PlyCount "48"]

1. d4 Nf6 2. c4 e6 3. Nc3 Bb4 4. Qc2 O-O 5. a3 Bxc3+ 6. Qxc3 d5 7. Nf3 Ne4 8.
Qc2 Nd7 9. g3 b6 10. cxd5 exd5 11. Qc6 Ba6 12. Qxd5 Ndf6 13. Qxd8 Raxd8 14. e3
Bxf1 15. Rxf1 c5 16. Bd2 cxd4 17. Nxd4 Nxd2 18. Kxd2 Ne4+ 19. Ke2 Rfe8 20. Rad1
Rc8 21. Rc1 g6 22. Rfd1 a6 23. Rc6 Rxc6 24. Nxc6 Rc8 1-0

[Event "Bad Woerishofen op"]
[Site "?"]
[Date "2003.??.??"]
[Round "4"]
[White "Hajenius, Willem"]
[Black "Natterer, Winfried"]
[Result "1-0"]
[WhiteElo "2017"]
[BlackElo "1493"]
[Annotator "ChessOrg"]
[PlyCount "61"]

1. d4 d5 2. c4 e6 3. Nc3 Nf6 4. Nf3 Be7 5. e3 O-O 6. b3 b6 7. Be2 Bb7 8. O-O c5
9. Bb2 Nbd7 10. Qc2 Re8 11. Rad1 h6 12. Rfe1 Qc7 13. cxd5 exd5 14. Nb5 Qc6 15.
Ne5 Nxe5 16. dxe5 Nd7 17. Qf5 a6 18. e6 fxe6 19. Qg6 Bf6 20. Nc3 Nf8 21. Qg3
Rad8 22. Bh5 Re7 23. e4 d4 24. e5 Bg5 25. Ne4 Nh7 26. h4 Bxh4 27. Qxh4 Rf8 28.
Qxe7 Ng5 29. f3 g6 30. Nxg5 hxg5 31. Bxg6 1-0

[Event "Bad Woerishofen op"]
[Site "?"]
[Date "2003.??.??"]
[Round "4"]
[White "Heinicke, Wenke"]
[Black "Sanna, Giuseppe"]
[Result "1-0"]
[WhiteElo "2064"]
[BlackElo "1647"]
[Annotator "ChessOrg"]
[PlyCount "57"]

1. d4 d6 2. c4 Nd7 3. Nc3 Ngf6 4. e4 e5 5. d5 Be7 6. Be3 Nc5 7. f3 a5 8. Nge2
O-O 9. Nc1 g6 10. Nd3 b6 11. Bh6 Re8 12. h4 Nh5 13. Qd2 Ng3 14. Rh2 Bxh4 15.
O-O-O g5 16. Rxh4 gxh4 17. Nxc5 bxc5 18. Bg5 f6 19. Bxh4 Nxf1 20. Rxf1 Rf8 21.
Rh1 Kh8 22. Qh6 Rf7 23. g4 Ba6 24. b3 Qe7 25. Kc2 Rg8 26. Ne2 Rg6 27. Qxg6 hxg6
28. Bxf6+ Kg8 29. Rh8# 1-0

[Event "Bad Woerishofen op"]
[Site "?"]
[Date "2003.??.??"]
[Round "4"]
[White "Beckert, Armin"]
[Black "Martino-Gross, Peter"]
[Result "0-1"]
[WhiteElo "1602"]
[BlackElo "2053"]
[Annotator "ChessOrg"]
[PlyCount "80"]

1. e4 e6 2. d4 d5 3. Nd2 Nf6 4. e5 Ne4 5. Nxe4 dxe4 6. Be3 c5 7. c3 cxd4 8.
Qxd4 Qxd4 9. Bxd4 Nc6 10. Ne2 Bd7 11. Rd1 Nxd4 12. Rxd4 Bc6 13. Ng3 e3 14. f3
Bc5 15. Rd1 O-O 16. b4 Bb6 17. c4 Ba4 18. Rd3 Rfd8 19. c5 Bc7 20. f4 b6 21.
Rxe3 bxc5 22. bxc5 Ba5+ 23. Kf2 Bb4 24. Ne4 Rd4 25. Kg3 Bc6 26. Bd3 Rad8 27.
Bb1 g6 28. a3 Ba5 29. Rc1 Ra4 30. h4 Rdd4 31. Nf6+ Kg7 32. Rf1 Bd2 33. Rd3
Bxf4+ 34. Kh3 Bxe5 35. Rxd4 Rxd4 36. Ng4 Bxg2+ 37. Kxg2 Rxg4+ 38. Kh1 Rxh4+ 39.
Kg2 Rc4 40. Re1 Rxc5 0-1

[Event "Bad Woerishofen op"]
[Site "?"]
[Date "2003.??.??"]
[Round "4"]
[White "Porubszki, Georg"]
[Black "Bretscher, Robert"]
[Result "1-0"]
[WhiteElo "2044"]
[BlackElo "1635"]
[Annotator "ChessOrg"]
[PlyCount "59"]

1. Nf3 Nf6 2. b3 g6 3. Bb2 Bg7 4. g3 d5 5. Bg2 Nbd7 6. d3 O-O 7. Nbd2 c6 8. O-O
Re8 9. c4 e6 10. Qc2 e5 11. cxd5 cxd5 12. e3 b6 13. b4 Bb7 14. Rac1 e4 15. dxe4
dxe4 16. Nd4 Qe7 17. Qc7 Ne5 18. Ba3 Nd3 19. Qxe7 Rxe7 20. Rcd1 Ne5 21. b5 Rd7
22. Bh3 Rdd8 23. Be7 Re8 24. Bxf6 Bxf6 25. Bg2 Nd7 26. Nc4 Bd5 27. Nd6 Red8 28.
Bxe4 Bxe4 29. Nxe4 Bg7 30. Nc6 1-0